00469nam a2200193 a 4500001001300000003000900013005001700022008004100039020000800080082001400088100001800102245002300120260003700143300000800180500003500188505001700223650001700240700001800257nice12345678IN_TiNIC20260116012053.0050524s1968 lona grp 000 0 eng  ac500a232bNEI1 aNeil, William aTruth About Jesus. aLondonbHodder & Stoughtonc1968 a89p aincludes index and biblioraphy2 aBibliography aJesus Christ1 aNeil, William